00761nam a22002177a 4500003000200000005001700002008004100019020002200060050002300082100002900105245011900134260003800253300003000291504005100321650004000372650002800412650002600440650002600466650002400492700002700516020250902092647.0250902b xxu||||| |||| 00| 0 eng d a978-1-032-38661-4 aLB 3051b.N57 2025 aNisbet, Isabel,eauthor. aEducational assessment in a changing world :blessons learned and the path ahead /cIsabel Nisbet and Stuart Shaw. aNew York, NY :bRoutledge,c2025. axiii, 217 pages ;c24 cm. aIncludes bibliographical references and index. aEducational tests and measurements. aEducational evaluation. aLearningxEvaluation. aEducationxStandards. aEducational change. aShaw, Stuart,eauthor.